|
|
|
|
| LEADER |
02416nam a22002897a 4500 |
| 020 |
|
|
|a 0 85226 862 9
|
| 082 |
|
|
|a 530.12
|b THA
|
| 100 |
|
|
|a Thankappan, v.k.
|
| 245 |
|
|
|a Quantum mechanics
|
| 260 |
|
|
|a New Delhi
|b Wiley eastern
|c 1986
|
| 300 |
|
|
|a xi,516.
|
| 650 |
|
|
|a Quantum Dynamics
|a Linear vector spaces
|
| 942 |
|
|
|c BK
|
| 999 |
|
|
|c 127366
|d 127362
|
| 952 |
|
|
|0 0
|1 0
|4 0
|6 530_120000000000000_THA
|7 0
|8 NFIC
|9 125486
|a SPAP
|b SPAP
|c FIC
|d 2016-04-08
|g 45.00
|l 0
|o 530.12 THA
|p SPAP505
|r 2016-04-08
|w 2017-10-04
|y BK
|
| 952 |
|
|
|0 0
|1 0
|4 0
|6 530_120000000000000_THA
|7 0
|8 NFIC
|9 125487
|a SPAP
|b SPAP
|c GEN
|d 2016-04-08
|g 45.00
|l 0
|o 530.12 THA
|p SPAP506
|r 2016-04-08
|w 2017-10-04
|y BK
|
| 952 |
|
|
|0 0
|1 0
|4 0
|6 530_120000000000000_THA
|7 0
|8 NFIC
|9 125488
|a SPAP
|b SPAP
|c GEN
|d 2016-04-08
|g 45.00
|l 0
|o 530.12 THA
|p SPAP507
|r 2016-04-08
|w 2017-10-04
|y BK
|
| 952 |
|
|
|0 0
|1 0
|4 0
|6 530_120000000000000_THA
|7 0
|8 NFIC
|9 125489
|a SPAP
|b SPAP
|c GEN
|d 2016-04-08
|g 45.00
|l 0
|o 530.12 THA
|p SPAP508
|r 2016-04-08
|w 2017-10-04
|y BK
|
| 952 |
|
|
|0 0
|1 0
|4 0
|6 530_120000000000000_THA
|7 0
|8 NFIC
|9 125490
|a SPAP
|b SPAP
|c GEN
|d 2016-04-08
|e Paio&co
|g 45.00
|l 0
|o 530.12 THA
|p SPAP504
|r 2016-04-08
|w 2017-10-04
|y BK
|
| 952 |
|
|
|0 0
|1 0
|4 0
|6 530_120000000000000_THA
|7 0
|8 NFIC
|9 125491
|a SPAP
|b SPAP
|c GEN
|d 2016-04-08
|e V publication
|g 120.00
|l 0
|o 530.12 THA
|p SPAP1501
|r 2016-04-08
|w 2017-10-04
|y BK
|
| 952 |
|
|
|0 0
|1 0
|4 0
|6 530_120000000000000_THA
|7 0
|8 NFIC
|9 125492
|a SPAP
|b SPAP
|c GEN
|d 2016-04-08
|e V publication
|g 120.00
|l 0
|o 530.12 THA
|p SPAP1497
|r 2016-04-08
|w 2017-10-04
|y BK
|
| 952 |
|
|
|0 0
|1 0
|4 0
|6 530_120000000000000_THA
|7 0
|8 NFIC
|9 125493
|a SPAP
|b SPAP
|c GEN
|d 2016-04-08
|e V publication
|g 120.00
|l 0
|o 530.12 THA
|p SPAP1498
|r 2016-04-08
|w 2017-10-04
|y BK
|
| 952 |
|
|
|0 0
|1 0
|4 0
|6 530_120000000000000_THA
|7 0
|8 NFIC
|9 125494
|a SPAP
|b SPAP
|c GEN
|d 2016-04-08
|e V publication
|g 120.00
|l 0
|o 530.12 THA
|p SPAP1499
|r 2016-04-08
|w 2017-10-04
|y BK
|
| 952 |
|
|
|0 0
|1 0
|4 0
|6 530_120000000000000_THA
|7 0
|8 NFIC
|9 125495
|a SPAP
|b SPAP
|c GEN
|d 2016-04-08
|e V publication
|g 120.00
|l 0
|o 530.12 THA
|p SPAP1500
|r 2016-04-08
|w 2017-10-04
|y BK
|
| 952 |
|
|
|0 0
|1 0
|4 0
|6 R_530_120000000000000_THA
|7 0
|8 REF
|9 125496
|a SPAP
|b SPAP
|c REF
|d 2017-09-11
|g 110.00
|l 0
|o R530.12 THA
|p SPAP1660
|r 2016-05-09
|w 2017-10-04
|y REF
|
| 952 |
|
|
|0 0
|1 0
|4 0
|6 530_120000000000000_THA
|7 0
|8 NFIC
|9 125497
|a SPAP
|b SPAP
|c GEN
|d 2017-08-17
|l 0
|o 530.12 THA
|p SPAP3669
|r 2017-08-17
|w 2017-08-17
|y BK
|
| 952 |
|
|
|0 0
|1 0
|4 0
|6 530_120000000000000_THA
|7 0
|8 NFIC
|9 125498
|a SPAP
|b SPAP
|c GEN
|d 2017-08-23
|l 0
|o 530.12 THA
|p SPAP1765
|r 2017-08-23
|w 2017-08-23
|y BK
|